| 000 | 00684nam a22001817a 4500 | ||
|---|---|---|---|
| 003 | BUBTL | ||
| 008 | 190515b xxu||||| |||| 00| 0 eng d | ||
| 020 | _a984-70297-0076-1 | ||
| 082 | _a954.92 / UMP | ||
| 100 |
_92334 _aউমর, বদরুদ্দীন |
||
| 245 |
_aপূর্ববাংলার ভাষা আন্দোলন ও তৎকালীন রাজনীতি ১ / _cবদরুদ্দীন উমর |
||
| 260 |
_aঢাকা : _bসুবর্ণ, _cc2012. |
||
| 300 |
_a351 p. : _c22 cm. |
||
| 650 | 0 |
_91755 _aমুক্তিযুদ্ধ |
|
| 856 |
_k0 _l0 _yDownload |
||
| 942 |
_2ddc _cBK |
||
| 999 |
_c6062 _d6062 |
||